000 00593nam a2200193 i 4500
001 29811
003 ES-MaACL
007 t|
008 030123s1974 sp ||||1| spa d
100 1 _aBasabé Barcala, José.
_926239
245 1 0 _aSíntesis del pensamiento de Fromm
_b: individuación, libertad y neurosis /
_cJosé Basabé Barcala.
250 _a[1ª ed.].
260 _aBarcelona :
_bNova Terra,
_c[1974]
300 _a415 p. ;
_c19 cm.
490 1 _aColección Síntesis
830 0 _aColección Síntesis
_9181518
852 _aES-MaACL
_jE-6680
_bR.90513
999 _c29811
_d29811